Statistics for US States by Word #1

Click here to take the quiz!

General Stats

  • This quiz has been taken 33 times
  • The average score is 14 of 20

Answer Stats

WordAnswer% Correct
CowboyTexas
97%
GamblingNevada | Las Vegas
93%
SmallRhode Island
93%
MormanUtah
93%
PeachGeorgia
90%
PotatoIdaho
90%
RushmoreSouth Dakota
90%
CoconutHawaii
83%
BayouLouisiana
83%
MountainColorado
77%
FlatKansas
77%
CornNebraska
73%
TornadoOklahoma
67%
IncestAlabama
63%
CoalWest Virginia
57%
CrazyFlorida
43%
CountryTennessee
40%
Non-ExistentWyoming
33%
ShootingIllinois | Chicago
23%
TwinNew York
23%

Score Distribution

Percentile by Number Answered

Percent of People with Each Score

Your Score History

You have not taken this quiz